000 00647nam a22002177a 4500
999 _c6267
_d6267
003 OSt
005 20220309120404.0
008 190829b ||||| |||| 00| 0 eng d
020 _a9781259251078
040 _cDDC
082 _a658 THO 2016
100 _aThomas, Christopher R.; Maurice, S.Charles
_912877
245 _aManagerial Economics: foundations of business analysis and strategy
250 _a12th ed.
260 _aNew York;
_bMcGraw-hill,
_c2016
300 _axxii,714p;
_bcol.ill:
_c23cm
504 _aAppendix & index included
650 _aBusiness analysis
_912878
650 _aManagement economics
_912879
942 _2z
_cBOOK